| 000 | 01270cam a2200373 a 4500 | ||
|---|---|---|---|
| 001 | 4284 | ||
| 003 | FISKH | ||
| 005 | 20240712081207.0 | ||
| 008 | 010706s2002 nyua b 000 1 eng | ||
| 010 | _a 2001049055 | ||
| 020 | _a0439332451 (pbk.) | ||
| 040 |
_aDLC _cDLC _dDLC _beng |
||
| 050 | _aPZ7.L5884 | ||
| 082 | _a303 | ||
| 100 | 1 | _aLewison, Wendy Cheyette. | |
| 245 | 1 | 0 |
_aClifford's loose tooth / _cadapted by Wendy Cheyette Lewison ; illustrated by John and Sandrina Kurtz. |
| 260 |
_aNew York : _bScholastic, _c2002. |
||
| 300 |
_a34 unnumbered pages : _bcolor illustrations ; _c23 cm |
||
| 440 | 0 | _aBig red reader | |
| 500 | _a"Based on the Scholastic book series 'Clifford the big red dog' by Norman Bridwell." | ||
| 500 | _a"Cartwheel books." | ||
| 505 | _aG | ||
| 520 | _aClifford is anxious for his loose tooth to fall out because he is hoping for a treat from the Tooth Fairy. | ||
| 521 | 8 |
_a400
_bLexile |
|
| 521 | 8 |
_aG
_bRaz-Plus |
|
| 650 | 1 |
_aDogs _vFiction. |
|
| 650 | 1 |
_aTeeth _vFiction. |
|
| 650 | 1 |
_aTooth Fairy _vFiction. |
|
| 700 | 1 |
_aKurtz, John, _d1955- _eillustrator |
|
| 700 | 1 |
_aKurtz, Sandrina, _eillustrator |
|
| 906 |
_a7 _bcbc _corignew _d1 _eocip _f20 _gy-gencatlg |
||
| 942 |
_2ddc _cBK _n0 |
||
| 999 |
_c4284 _d4284 |
||